00595 2200217 4500001002100000005001700021008004100038020002200079035002400101040001200125082001100137084001900148100001300167245005900180260002800239300002400267490002600291650002300317850001200340990002500352YOGYA-1011000000061120170110094611.0 ind  a978-979-075-410-2 0010-101100000000612 aYOPDYOG a028.55 aK 028.55 Awd T aAWDRY, W aThomas dan friends:buku aktivitas stiker katacW.Awdry aJakartabErlanggac2010 a[32]hlmbilusc26cm aSeri thomas & friends aBacaan kanak-kanak aYOPDYOG a3111-3113-PD/B.11b3